[Event "Ostravský koník 2014 - MÈR"]
[Site "Ostrava, CZE"]
[Date "2014.05.04"]
[Round "9"]
[White "Krejci, Jan"]
[Black "Dolezal, Radoslav"]
[Result "1-0"]
[WhiteElo "2518"]
[BlackElo "2344"]
[PlyCount "71"]

1. d4 Nf6 2. c4 e6 3. Nc3 Bb4 4. Qc2 O-O 5. e4 Bxc3+ 6. bxc3 d6 7. Bd3 e5 8.
Ne2 c5 9. O-O Nc6 10. d5 Na5 11. Ng3 Re8 12. f4 exf4 13. Bxf4 Ng4 14. Be2 Ne5
15. Qc1 f6 16. Nh5 Re7 17. h3 Bd7 18. g4 Be8 19. Ng3 Bg6 20. g5 Naxc4 21. gxf6
gxf6 22. Bh6 b5 23. a4 bxa4 24. h4 Rb7 25. Rxa4 Nb2 26. Ra2 Rab8 27. h5 c4 28.
hxg6 hxg6 29. Qe3 a5 30. Bf4 Nbd3 31. Bxd3 Nxd3 32. Rg2 Rb2 33. Ne2 Nxf4 34.
Qxf4 Kg7 35. Rh2 Qf8 36. Nd4 1-0

[Event "Ostravský koník 2014 - MÈR"]
[Site "Ostrava, CZE"]
[Date "2014.05.04"]
[Round "9"]
[White "Kociscak, Jiri"]
[Black "Simacek, Pavel"]
[Result "1/2-1/2"]
[WhiteElo "2434"]
[BlackElo "2469"]
[PlyCount "51"]

1. d4 Nf6 2. c4 c5 3. d5 e6 4. Nc3 exd5 5. cxd5 d6 6. Nf3 g6 7. Nd2 Nbd7 8. e4
Bg7 9. Be2 O-O 10. O-O Re8 11. Re1 Ne5 12. a4 Nfg4 13. Nf1 f5 14. f3 Nh6 15.
Ng3 Qh4 16. exf5 Nxf5 17. Nce4 Ng4 18. fxg4 Rxe4 19. Nxe4 Bd4+ 20. Kh1 Be5 21.
h3 Ng3+ 22. Nxg3 Qxg3 23. Kg1 Bd4+ 24. Kh1 Be5 25. Kg1 Bd4+ 26. Kh1 1/2-1/2

[Event "Ostravský koník 2014 - MÈR"]
[Site "Ostrava, CZE"]
[Date "2014.05.04"]
[Round "9"]
[White "Kuba, Jindrich"]
[Black "Plát, Vojtech"]
[Result "1-0"]
[WhiteElo "2239"]
[BlackElo "2456"]
[PlyCount "33"]

1. e4 c5 2. Nf3 e6 3. d4 cxd4 4. Nxd4 Nc6 5. Nc3 a6 6. g3 Nf6 7. Bg2 Qc7 8. O-O
Be7 9. Be3 d6 10. a4 Bd7 11. f4 O-O 12. Nb3 Na5 13. Nxa5 Qxa5 14. Qd2 Kh8 15.
b4 Qc7 16. a5 Rac8 17. Ra3 1-0

[Event "Ostravský koník 2014 - MÈR"]
[Site "Ostrava, CZE"]
[Date "2014.05.04"]
[Round "9"]
[White "Rasik, Vitezslav"]
[Black "Zwardon, Vojtech"]
[Result "1-0"]
[WhiteElo "2456"]
[BlackElo "2391"]
[PlyCount "77"]

1. e4 c5 2. Nf3 Nc6 3. Bb5 g6 4. Bxc6 dxc6 5. d3 Bg7 6. h3 Nf6 7. Nc3 O-O 8.
Be3 b6 9. Qd2 e5 10. Bh6 Qd6 11. Bxg7 Kxg7 12. Qe3 Re8 13. Ne2 a5 14. Nd2 a4
15. O-O b5 16. a3 Rb8 17. Rae1 Rb7 18. f4 exf4 19. Nxf4 Nd5 20. Nxd5 cxd5 21.
e5 Qe7 22. Nf3 b4 23. Ng5 Rf8 24. Rf6 h6 25. Nf3 bxa3 26. bxa3 Rb2 27. Rf1 Rxc2
28. Nh4 Rg8 29. Rxf7+ Qxf7 30. Rxf7+ Kxf7 31. Qxh6 c4 32. dxc4 dxc4 33. Qg5 Rb2
34. Qf6+ Ke8 35. Nxg6 Rb7 36. Qc6+ Kf7 37. Qf6+ Ke8 38. Qc6+ Kf7 39. Nf4 1-0

[Event "Ostravský koník 2014 - MÈR"]
[Site "Ostrava, CZE"]
[Date "2014.05.04"]
[Round "9"]
[White "Kriebel, Tadeas"]
[Black "Jansa, Vlastimil"]
[Result "1/2-1/2"]
[WhiteElo "2366"]
[BlackElo "2455"]
[PlyCount "41"]

1. e4 c5 2. Nf3 e6 3. d4 cxd4 4. Nxd4 Nc6 5. Nc3 a6 6. Be3 Nf6 7. f4 Bb4 8. Bd3
d6 9. Nxc6 bxc6 10. O-O Bxc3 11. bxc3 Qc7 12. c4 c5 13. e5 dxe5 14. fxe5 Qxe5
15. Bf4 Qd4+ 16. Kh1 Bb7 17. Qe2 Ne4 18. Be3 Qe5 19. Bf4 Qd4 20. Be3 Qe5 21.
Bf4 1/2-1/2

[Event "Ostravský koník 2014 - MÈR"]
[Site "Ostrava, CZE"]
[Date "2014.05.04"]
[Round "9"]
[White "Hába, Petr"]
[Black "Olsarova, Karolina"]
[Result "1-0"]
[WhiteElo "2498"]
[BlackElo "2279"]
[PlyCount "89"]

1. e4 e5 2. Nf3 Nc6 3. Bb5 Nf6 4. O-O Nxe4 5. d4 Nd6 6. Bxc6 dxc6 7. dxe5 Nf5
8. Qxd8+ Kxd8 9. Rd1+ Ke8 10. Nc3 h6 11. h3 Be6 12. g4 Ne7 13. Nd4 Rd8 14. Nxe6
Rxd1+ 15. Nxd1 fxe6 16. f4 Nd5 17. Kg2 Bc5 18. a3 b5 19. Nf2 Be3 20. Bxe3 Nxe3+
21. Kf3 Nxc2 22. Rc1 Nd4+ 23. Ke3 Nb3 24. Rxc6 Kd7 25. Rc3 Na5 26. Nd3 Nc4+ 27.
Kd4 Rf8 28. a4 c6 29. axb5 cxb5 30. Kc5 a6 31. Kd4 g6 32. Rc1 a5 33. b3 Na3 34.
Ke4 Ra8 35. Nc5+ Ke7 36. Nb7 Kd7 37. Nc5+ Ke7 38. Nb7 Kd7 39. f5 gxf5+ 40. gxf5
exf5+ 41. Kd5 a4 42. e6+ Ke8 43. Nd6+ Kf8 44. Ke5 axb3 45. Kf6 1-0

[Event "Ostravský koník 2014 - MÈR"]
[Site "Ostrava, CZE"]
[Date "2014.05.04"]
[Round "9"]
[White "Adamek, Jiri"]
[Black "Kislinsky, Alexey"]
[Result "1/2-1/2"]
[WhiteElo "2301"]
[BlackElo "2483"]
[PlyCount "21"]

1. e4 c5 2. Nf3 Nc6 3. Bb5 d6 4. O-O Bd7 5. c3 Nf6 6. Re1 a6 7. Ba4 b5 8. Bc2
e5 9. h3 Be7 10. d4 Qc7 11. d5 1/2-1/2

[Event "Ostravský koník 2014 - MÈR"]
[Site "Ostrava, CZE"]
[Date "2014.05.04"]
[Round "9"]
[White "Kraus, Tomas"]
[Black "Blatny, Pavel"]
[Result "1/2-1/2"]
[WhiteElo "2326"]
[BlackElo "2418"]
[PlyCount "25"]

1. e4 g6 2. d4 c6 3. Nc3 d5 4. h3 Bg7 5. Nf3 Nf6 6. e5 Nfd7 7. Be3 b6 8. Qd2 h6
9. Be2 Ba6 10. Bxa6 Nxa6 11. e6 Nf8 12. exf7+ Kxf7 13. O-O 1/2-1/2

[Event "Ostravský koník 2014 - MÈR"]
[Site "Ostrava, CZE"]
[Date "2014.05.04"]
[Round "9"]
[White "Szotkowski, Jakub"]
[Black "Hausner, Ivan"]
[Result "1-0"]
[WhiteElo "2161"]
[BlackElo "2370"]
[PlyCount "69"]

1. Nf3 d6 2. d4 Bg4 3. Nbd2 Nd7 4. h3 Bh5 5. b3 e6 6. Bb2 d5 7. e3 Ngf6 8. Bd3
Bd6 9. O-O O-O 10. c4 c6 11. Qc2 Bg6 12. Bxg6 hxg6 13. Ne5 Rc8 14. Nxd7 Qxd7
15. e4 dxe4 16. Nxe4 Nxe4 17. Qxe4 Be7 18. Rad1 Bf6 19. Rd3 Rfd8 20. Rfd1 b5
21. Ba3 bxc4 22. bxc4 Qb7 23. Qe2 Qa6 24. Qc2 Rc7 25. Bc5 Qc8 26. Ra3 Rdd7 27.
Rdd3 Qd8 28. Qd1 Rb7 29. Ra6 Qb8 30. Rxc6 Bxd4 31. Bxd4 Rb1 32. Rc8+ Qxc8 33.
Qxb1 Qxc4 34. Qb8+ Kh7 35. Bxg7 1-0

[Event "Ostravský koník 2014 - MÈR"]
[Site "Ostrava, CZE"]
[Date "2014.05.04"]
[Round "9"]
[White "Dobrovolsky, Ladislav"]
[Black "Svatos, Jan"]
[Result "1-0"]
[WhiteElo "2334"]
[BlackElo "2306"]
[PlyCount "69"]

1. Nf3 Nf6 2. b3 d5 3. Bb2 Bf5 4. c4 e6 5. g3 Be7 6. Bg2 h6 7. O-O O-O 8. d4 c6
9. Nc3 Ne4 10. Nd2 Nxc3 11. Bxc3 Nd7 12. e4 dxe4 13. Nxe4 Nf6 14. Qe2 Nxe4 15.
Bxe4 Bxe4 16. Qxe4 Bf6 17. Rad1 Qd6 18. Rd2 Rad8 19. Rfd1 Rd7 20. a4 Rfd8 21.
Qc2 h5 22. Rd3 h4 23. Rf3 b5 24. gxh4 bxc4 25. bxc4 e5 26. Ba5 Re8 27. Qe4 Rc8
28. d5 cxd5 29. Rxd5 Qe7 30. Qg4 Rdc7 31. Bxc7 Rxc7 32. Rb3 g6 33. h5 Qe8 34.
hxg6 fxg6 35. Rdb5 1-0

[Event "Ostravský koník 2014 - MÈR"]
[Site "Ostrava, CZE"]
[Date "2014.05.04"]
[Round "9"]
[White "Marek, Matyas"]
[Black "Konopka, Michal"]
[Result "0-1"]
[WhiteElo "2110"]
[BlackElo "2408"]
[PlyCount "134"]

1. e4 Nf6 2. e5 Nd5 3. d4 d6 4. Nf3 Nb6 5. a4 a5 6. exd6 exd6 7. Bd3 Be7 8. O-O
Bg4 9. Re1 O-O 10. Nbd2 Nc6 11. c3 Qd7 12. Nf1 Rae8 13. Ng3 Bh4 14. Rf1 Bxg3
15. fxg3 Bf5 16. Ne5 dxe5 17. Bxf5 Qd5 18. dxe5 Nxe5 19. Qc2 h6 20. b3 Rd8 21.
Ba3 Rfe8 22. Rad1 Qc6 23. Be4 Nd5 24. c4 Qb6+ 25. c5 Qe6 26. Rde1 Qa6 27. Bb2
Nb4 28. Qf2 f6 29. Qf5 Nbd3 30. Bxe5 Nxe5 31. Qh7+ Kf7 32. Bb1 Rh8 33. Qf5 Rhe8
34. Qh7 Rd2 35. Rxe5 Rxe5 36. Bg6+ Ke6 37. Bf5+ Rxf5 38. Qxf5+ Kf7 39. Qe4 Qc6
40. Qc4+ Qd5 41. Qxd5+ Rxd5 42. Rc1 Ke6 43. Rc4 Rd3 44. b4 Kd5 45. Rg4 g5 46.
bxa5 Rb3 47. a6 bxa6 48. a5 Rb5 49. Ra4 Kxc5 50. Kf2 Rb4 51. Ra3 Rb2+ 52. Kf1
Kb4 53. Rf3 Kxa5 54. Rxf6 Rb6 55. Rf7 c5 56. Ke1 Rd6 57. h4 c4 58. Rc7 Kb4 59.
Rb7+ Ka4 60. Rc7 Kb3 61. Rb7+ Kc2 62. Rc7 c3 63. Rc8 Re6+ 64. Kf2 g4 65. Rc7
Kd2 66. Rd7+ Kc1 67. Rc7 c2 0-1

[Event "Ostravský koník 2014 - MÈR"]
[Site "Ostrava, CZE"]
[Date "2014.05.04"]
[Round "9"]
[White "Voloshin, Leonid"]
[Black "Kulovana, Eva"]
[Result "1/2-1/2"]
[WhiteElo "2391"]
[BlackElo "2250"]
[PlyCount "28"]

1. d4 d5 2. c4 c6 3. e3 Nf6 4. Nf3 Bf5 5. Nc3 a6 6. a4 e6 7. Bd3 Bxd3 8. Qxd3
Bb4 9. O-O O-O 10. Bd2 a5 11. Rfd1 Na6 12. Be1 Qe7 13. Na2 Bxe1 14. Rxe1 Nb4
1/2-1/2

[Event "Ostravský koník 2014 - MÈR"]
[Site "Ostrava, CZE"]
[Date "2014.05.04"]
[Round "9"]
[White "Studnicka, Tomas"]
[Black "Bartos, Jan"]
[Result "1-0"]
[WhiteElo "2374"]
[BlackElo "2232"]
[PlyCount "133"]

1. Nf3 d5 2. g3 Nf6 3. Bg2 g6 4. O-O Bg7 5. d4 O-O 6. c4 dxc4 7. Na3 c3 8. bxc3
c5 9. e3 Nc6 10. Bb2 Nd5 11. Qe2 Nb6 12. Rad1 Qd5 13. c4 Qh5 14. d5 Ne5 15. Rd2
Bg4 16. Bxe5 Bxe5 17. h3 Bxf3 18. Qxf3 Qxf3 19. Bxf3 Nc8 20. Bg2 f5 21. f4 Bf6
22. Rb1 Nd6 23. Rc2 a6 24. Rb6 Ra7 25. g4 g5 26. Kh2 gxf4 27. exf4 fxg4 28.
hxg4 Bd4 29. Kg3 Be3 30. f5 Rf6 31. Rb3 Bg5 32. Re2 Kf8 33. Bf3 h6 34. Re6 Ke8
35. Be2 Kd7 36. Bd3 Ra8 37. Re2 Rb8 38. Rb1 Rf7 39. Reb2 Kc7 40. Kf3 Rf6 41.
Nc2 Nc8 42. Ne3 Rb6 43. d6+ Rxd6 44. Nd5+ Kd8 45. Rxb7 Rxb7 46. Rxb7 Rd7 47.
Rb8 Rd6 48. Bc2 Bf6 49. Ba4 Be5 50. Rb7 Bf6 51. Kg3 Bg5 52. Kh3 Bf6 53. Kg3 Bg5
54. Bc2 Rd7 55. Rb8 Bf6 56. Kf4 Rd6 57. a4 Bg5+ 58. Kf3 Bf6 59. a5 Be5 60. Rb7
Rd7 61. Rb1 Bc7 62. Rh1 Nd6 63. Rxh6 Nf7 64. Rxa6 Ne5+ 65. Ke4 Rd6 66. Ra8+ Kd7
67. Ba4+ 1-0

[Event "Ostravský koník 2014 - MÈR"]
[Site "Ostrava, CZE"]
[Date "2014.05.04"]
[Round "9"]
[White "Lechtynsky, Jiri"]
[Black "Machycek, Lubomír"]
[Result "1/2-1/2"]
[WhiteElo "2365"]
[BlackElo "2210"]
[PlyCount "105"]

1. d4 d5 2. Nf3 Nf6 3. c4 c6 4. cxd5 cxd5 5. Nc3 Nc6 6. Bf4 Bf5 7. e3 e6 8. Qb3
Qc8 9. Rc1 Be7 10. Bb5 O-O 11. O-O Nd7 12. Na4 a6 13. Bxc6 bxc6 14. Nb6 Nxb6
15. Qxb6 c5 16. dxc5 Bd3 17. Rfd1 Be2 18. Rd2 Bxf3 19. gxf3 Bd8 20. Qb4 Qc6 21.
e4 Bf6 22. exd5 exd5 23. Qb3 d4 24. Qd3 Rfe8 25. b3 Re6 26. Re2 Rae8 27. Rxe6
fxe6 28. Qe4 Rc8 29. Qxc6 Rxc6 30. b4 e5 31. Bg3 Kf7 32. a4 d3 33. Kf1 a5 34.
bxa5 d2 35. Rd1 Rxc5 36. Rxd2 Rxa5 37. Ra2 g5 38. Ke2 Ke6 39. Kd3 Kd5 40. Kc3
Kc5 41. Kb3 Ra7 42. Rc2+ Kd5 43. Rd2+ Kc5 44. Re2 Rb7+ 45. Ka3 Kd5 46. a5 Be7+
47. Ka2 Bd6 48. h4 gxh4 49. Bxh4 Bc7 50. f4 Ra7 51. fxe5 Rxa5+ 52. Kb3 Bxe5 53.
Bg3 1/2-1/2

[Event "Ostravský koník 2014 - MÈR"]
[Site "Ostrava, CZE"]
[Date "2014.05.04"]
[Round "9"]
[White "Toman, Jaroslav"]
[Black "Obsivac, Josef"]
[Result "1-0"]
[WhiteElo "2220"]
[BlackElo "2299"]
[PlyCount "107"]

1. e4 e6 2. d4 d5 3. Nc3 Nf6 4. Bg5 Bb4 5. e5 h6 6. Bd2 Bxc3 7. bxc3 Ne4 8. Qg4
Kf8 9. Bd3 Nxd2 10. Kxd2 c5 11. h4 Nc6 12. Rh3 c4 13. Bf1 b5 14. a3 a5 15. Ne2
h5 16. Qf3 Ke7 17. Nf4 g6 18. g4 hxg4 19. Qxg4 Rb8 20. h5 gxh5 21. Qg7 Kd7 22.
Nxe6 Qg8 23. Qxg8 Rxg8 24. Nf4 Rh8 25. Nxd5 h4 26. Rf3 Ke8 27. Bh3 Be6 28. Ne3
Rd8 29. Ke2 Ke7 30. Bxe6 fxe6 31. Rh3 Rh7 32. Rah1 Rdh8 33. f4 b4 34. axb4 axb4
35. Nxc4 bxc3 36. Ke3 Nb4 37. R1h2 Rg8 38. Ke4 Rg1 39. Rxc3 Nd5 40. Ra3 Rh5 41.
Ne3 Re1 42. c4 Nxe3 43. Rxe3 Rc1 44. c5 Rh8 45. f5 exf5+ 46. Kxf5 Rd1 47. Ke4
Rd8 48. Rd3 Re1+ 49. Kf3 Rf8+ 50. Kg2 Rf4 51. Rh1 Re2+ 52. Kh3 Ke6 53. d5+ Kxe5
54. d6 1-0

[Event "Ostravský koník 2014 - MÈR"]
[Site "Ostrava, CZE"]
[Date "2014.05.04"]
[Round "9"]
[White "Sabol, Marian"]
[Black "Sikora, Jan"]
[Result "1/2-1/2"]
[WhiteElo "2295"]
[BlackElo "2188"]
[PlyCount "48"]

1. e4 c5 2. Nf3 d6 3. d4 cxd4 4. Nxd4 Nf6 5. Nc3 a6 6. Be2 e6 7. O-O Qc7 8. a4
b6 9. f4 Bb7 10. Bf3 Nbd7 11. Qe2 Rc8 12. Kh1 Be7 13. Be3 O-O 14. Bg1 Nc5 15.
Rfe1 Rfe8 16. Qf2 Qb8 17. Re3 Qa8 18. Rae1 Bf8 19. Qg3 Kh8 20. Qh4 Be7 21. Qh3
Bf8 22. Qh4 Be7 23. Qh3 Bf8 24. g4 d5 1/2-1/2

[Event "Ostravský koník 2014 - MÈR"]
[Site "Ostrava, CZE"]
[Date "2014.05.04"]
[Round "9"]
[White "Dobes, Vojtech"]
[Black "Olsarova, Tereza"]
[Result "1/2-1/2"]
[WhiteElo "2103"]
[BlackElo "2260"]
[PlyCount "99"]

1. e4 e5 2. Nf3 Nc6 3. Bb5 a6 4. Ba4 Nf6 5. O-O Nxe4 6. d4 b5 7. Bb3 d5 8. dxe5
Be6 9. Nbd2 Nc5 10. c3 g6 11. Bc2 Bg7 12. Re1 O-O 13. Nb3 Nxb3 14. Bxb3 Qd7 15.
Bf4 Na5 16. Bc2 c5 17. a4 Nc6 18. axb5 axb5 19. Qe2 Qb7 20. Be3 Nxe5 21. Bxc5
Nxf3+ 22. Qxf3 Rfc8 23. Qe3 b4 24. Bxb4 d4 25. Qg3 Ra6 26. h3 Bd5 27. Rxa6 Qxa6
28. cxd4 Bxd4 29. Bc3 Bxc3 30. bxc3 Qa3 31. Qd3 Be6 32. c4 Qa5 33. Qe3 Rxc4 34.
Be4 Qe5 35. Bd3 Qxe3 36. Rxe3 Rc1+ 37. Kh2 Rc3 38. Be4 Rxe3 39. fxe3 Kg7 40.
Kg3 f5 41. Bc6 g5 42. h4 h6 43. hxg5 hxg5 44. Kf3 Kf6 45. e4 f4 46. g3 Ke5 47.
gxf4+ gxf4 48. Bd5 Bxd5 49. exd5 Kxd5 50. Kxf4 1/2-1/2

[Event "Ostravský koník 2014 - MÈR"]
[Site "Ostrava, CZE"]
[Date "2014.05.04"]
[Round "9"]
[White "Marikova, Jana"]
[Black "Michenka, Jozef"]
[Result "0-1"]
[WhiteElo "2079"]
[BlackElo "2353"]
[PlyCount "124"]

1. d4 Nf6 2. c4 e6 3. Nf3 d5 4. Nc3 c6 5. Bg5 Nbd7 6. e3 Qa5 7. Nd2 Bb4 8. Qc2
O-O 9. Bxf6 Nxf6 10. Bd3 c5 11. O-O cxd4 12. exd4 dxc4 13. Nxc4 Qh5 14. Rad1
Rd8 15. Rfe1 b6 16. Re3 g6 17. Rh3 Qg5 18. Rg3 Qh6 19. Ne4 Be7 20. Ne5 Bd7 21.
Rf3 Qg7 22. Qd2 Be8 23. Nxf6+ Bxf6 24. Qf4 Bxe5 25. dxe5 Rd5 26. Re1 Rad8 27.
Qg3 Qf8 28. a3 Qc5 29. Rfe3 Bb5 30. b4 Qd4 31. Bxb5 Rxb5 32. h3 Rbd5 33. Re4
Qb2 34. R4e2 Rd2 35. Rxd2 Qxd2 36. Qe3 Kf8 37. Qxd2 Rxd2 38. Re3 Ke7 39. Rc3
Kd8 40. Kf1 Rd5 41. Rf3 Ke7 42. Rc3 a5 43. bxa5 bxa5 44. f4 g5 45. g3 gxf4 46.
gxf4 Rd4 47. Rf3 f6 48. Ke2 Kf7 49. Ke3 Ra4 50. Kf2 Re4 51. exf6 Kxf6 52. Kg3
Kf5 53. Rc3 Rd4 54. Rc5+ Rd5 55. Rc3 a4 56. Kf3 Rb5 57. Ke3 Rb3 58. Rxb3 axb3
59. Kd3 Kxf4 60. a4 e5 61. a5 e4+ 62. Kc3 e3 0-1

[Event "Ostravský koník 2014 - MÈR"]
[Site "Ostrava, CZE"]
[Date "2014.05.04"]
[Round "9"]
[White "Folkova, Martina"]
[Black "Malík, Jan"]
[Result "1/2-1/2"]
[WhiteElo "2179"]
[BlackElo "2289"]
[PlyCount "84"]

1. e4 e6 2. d4 d5 3. Nd2 Nc6 4. Ngf3 Nf6 5. e5 Nd7 6. c4 dxc4 7. Bxc4 Nb6 8.
Bb5 Bd7 9. Bd3 Nb4 10. Be2 Be7 11. O-O Bc6 12. Re1 g5 13. Nb3 g4 14. Nfd2 Qd5
15. Bf1 Nd3 16. Re4 Nxc1 17. Rxc1 h5 18. Re1 a5 19. Ne4 a4 20. Nc3 Qd8 21. Nc5
Rg8 22. Bb5 Bxc5 23. dxc5 Qxd1 24. Rexd1 Nd7 25. Bxc6 bxc6 26. Ne4 O-O-O 27.
Rd4 Nxe5 28. Rxa4 f5 29. Nf6 Rh8 30. Nxh5 Nd3 31. Ra8+ Kb7 32. Rxd8 Rxd8 33.
Rd1 Rd5 34. h3 gxh3 35. gxh3 f4 36. Nf6 Rg5+ 37. Ng4 Ne5 38. Kg2 Nxg4 39. hxg4
Rxg4+ 40. Kf3 Rg5 41. Kxf4 Rf5+ 42. Ke3 Re5+ 1/2-1/2

[Event "Ostravský koník 2014 - MÈR"]
[Site "Ostrava, CZE"]
[Date "2014.05.04"]
[Round "9"]
[White "Holemar, David"]
[Black "Jedlicka, Ales"]
[Result "1/2-1/2"]
[WhiteElo "2269"]
[BlackElo "2199"]
[PlyCount "25"]

1. d4 Nf6 2. c4 e6 3. Nc3 Bb4 4. f3 d5 5. a3 Bxc3+ 6. bxc3 c5 7. cxd5 exd5 8.
e3 Bf5 9. Ne2 Nc6 10. Ng3 Bg6 11. Bd3 O-O 12. O-O Rc8 13. Rb1 1/2-1/2

[Event "Ostravský koník 2014 - MÈR"]
[Site "Ostrava, CZE"]
[Date "2014.05.04"]
[Round "9"]
[White "Dostal, Radim"]
[Black "Firt, Stanislav"]
[Result "1/2-1/2"]
[WhiteElo "2043"]
[BlackElo "2253"]
[PlyCount "46"]

1. e4 c5 2. Nf3 d6 3. d4 cxd4 4. Nxd4 Nf6 5. Nc3 Nc6 6. Bg5 e6 7. Qd2 a6 8.
O-O-O Bd7 9. f4 Be7 10. Nf3 b5 11. e5 b4 12. Ne2 dxe5 13. fxe5 Ne4 14. Bxe7
Nxd2 15. Bxd8 Nxf3 16. gxf3 Kxd8 17. f4 Ke7 18. Nd4 Nxd4 19. Rxd4 a5 20. Bg2
Ra7 21. Rhd1 Rc8 22. Be4 Rac7 23. R1d2 h6 1/2-1/2

[Event "Ostravský koník 2014 - MÈR"]
[Site "Ostrava, CZE"]
[Date "2014.05.04"]
[Round "9"]
[White "Sindler, Michal"]
[Black "Nguyen, Thai Dai Van"]
[Result "0-1"]
[WhiteElo "2157"]
[BlackElo "2217"]
[PlyCount "158"]

1. e4 e6 2. d4 d5 3. Nd2 Nf6 4. e5 Nfd7 5. Bd3 c5 6. c3 Nc6 7. Ne2 cxd4 8. cxd4
f6 9. exf6 Qxf6 10. Nf3 h6 11. O-O Bd6 12. Ng3 O-O 13. Bc2 Rf7 14. Qd3 Nf8 15.
Bd2 Bd7 16. Bc3 Be8 17. Rae1 Rc7 18. Qe2 Rac8 19. Ne5 Nxd4 20. Bxd4 Rxc2 21.
Qd1 Bxe5 22. Rxe5 Qf4 23. Ne2 Rxe2 24. Rxe2 Bb5 25. Bxa7 Bxe2 26. Qxe2 Qa4 27.
Be3 Qxa2 28. Bd4 Qc4 29. Qe5 Qc7 30. Qe3 Qd6 31. f4 Ng6 32. Qg3 Kh7 33. f5 Qxg3
34. hxg3 exf5 35. Rxf5 Rc1+ 36. Kh2 Rd1 37. Bc3 Kg8 38. Bb4 Rd4 39. Bc3 Rd1 40.
Bb4 Rd4 41. Bc3 Ne7 42. Rf1 Re4 43. Ra1 Nc6 44. Kg1 d4 45. Bd2 Re2 46. Rd1 Kf7
47. Kf1 Re4 48. Ra1 Ke6 49. Rc1 g5 50. Kf2 Kd5 51. b4 d3 52. Rc5+ Kd6 53. Kf1
Re2 54. Be1 Rc2 55. Rb5 d2 56. Bxd2 Rxd2 57. Rxb7 Rb2 58. Rh7 Nxb4 59. Rxh6+
Ke5 60. Rh8 Nd3 61. Rf8 Ke4 62. Rf7 Ne5 63. Re7 Kf5 64. Re8 Nc4 65. Kg1 Nd6 66.
Re3 Rc2 67. Kh2 Ne4 68. g4+ Kf4 69. Ra3 Kxg4 70. Ra4 Kf4 71. Ra8 Rc6 72. Kg1
Kg3 73. Ra3+ Rc3 74. Ra1 Rc2 75. Kh1 Nf2+ 76. Kg1 Nd3 77. Rf1 Rxg2+ 78. Kh1
Nf2+ 79. Rxf2 Rxf2 0-1

[Event "Ostravský koník 2014 - MÈR"]
[Site "Ostrava, CZE"]
[Date "2014.05.04"]
[Round "9"]
[White "Zidek, Vaclav"]
[Black "Frolík, Martin"]
[Result "1/2-1/2"]
[WhiteElo "2135"]
[BlackElo "2213"]
[PlyCount "131"]

1. e4 c5 2. Nf3 e6 3. d4 cxd4 4. Nxd4 Nf6 5. Nc3 Nc6 6. Ndb5 d6 7. Bf4 e5 8.
Bg5 a6 9. Na3 b5 10. Nd5 Be7 11. Bxf6 Bxf6 12. c4 Bg5 13. cxb5 Nd4 14. b6 O-O
15. Bc4 Rb8 16. O-O Bb7 17. Qd3 Ne6 18. Rad1 Kh8 19. Kh1 g6 20. f3 f5 21. Nc3
Nc5 22. Qxd6 Qxd6 23. Rxd6 fxe4 24. Nxe4 Bxe4 25. fxe4 Nxe4 26. Rxf8+ Rxf8 27.
Rc6 Be3 28. g3 Rb8 29. Bxa6 Bxb6 30. Nc4 Bd4 31. Rc8+ Rxc8 32. Bxc8 Kg7 33. Bb7
Nf2+ 34. Kg2 Nd3 35. b3 Nc1 36. a4 Nxb3 37. a5 Kf6 38. a6 Ke6 39. Kf3 Ba7 40.
Kg4 Nd4 41. Kg5 Nf5 42. g4 Nd6 43. Nxd6 Be3+ 44. Kh4 Kxd6 45. Kg3 Ba7 46. Kf3
Ke6 47. Ke4 g5 48. Bc8+ Kf6 49. Kd5 h5 50. h3 hxg4 51. hxg4 e4 52. Bf5 e3 53.
Bd3 Bb6 54. Bf1 Ba7 55. Be2 Bb6 56. Bf3 Ba7 57. Bd1 Bb6 58. Kc6 Bd4 59. Kd6 Bb6
60. Kd5 Ba7 61. Kd6 Bb6 62. Be2 Ba7 63. Kd5 Bb6 64. Kc6 Bd4 65. Kd6 Bb6 66. Kc6
1/2-1/2

[Event "Ostravský koník 2014 - MÈR"]
[Site "Ostrava, CZE"]
[Date "2014.05.04"]
[Round "9"]
[White "Lys, Josef"]
[Black "Splichal, Stanislav"]
[Result "1-0"]
[WhiteElo "2206"]
[BlackElo "2125"]
[PlyCount "49"]

1. d4 d5 2. c4 e6 3. Nc3 Nf6 4. Bg5 Be7 5. e3 O-O 6. Nf3 h6 7. Bh4 b6 8. Bxf6
Bxf6 9. cxd5 exd5 10. Qb3 Be6 11. g3 c5 12. Bg2 Nc6 13. Rd1 cxd4 14. exd4 Bg4
15. Nxd5 Re8+ 16. Kf1 Nxd4 17. Nxd4 Bxd1 18. Qxd1 Rc8 19. Bf3 Rc4 20. Nf5 Bg5
21. Kg2 g6 22. Qd3 Rc5 23. h4 Re5 24. hxg5 Rcxd5 25. Nxh6+ 1-0

[Event "Ostravský koník 2014 - MÈR"]
[Site "Ostrava, CZE"]
[Date "2014.05.04"]
[Round "9"]
[White "Richterova, Natasa"]
[Black "Havlikova, Kristyna"]
[Result "1/2-1/2"]
[WhiteElo "2034"]
[BlackElo "2251"]
[PlyCount "83"]

1. e4 c5 2. Nf3 Nc6 3. Bb5 g6 4. Bxc6 bxc6 5. O-O Bg7 6. Re1 Rb8 7. c3 Nf6 8.
d4 cxd4 9. cxd4 O-O 10. Nc3 d5 11. e5 Ne4 12. Nxe4 dxe4 13. Rxe4 Qd5 14. Qe1
Bf5 15. Re3 Bg4 16. b3 Bxf3 17. Rxf3 Qxd4 18. Ba3 Qxe5 19. Qxe5 Bxe5 20. Re1
Rb5 21. Bxe7 Re8 22. a4 Rd5 23. Bb4 Rb8 24. Ba3 Rbd8 25. g3 f6 26. Kg2 Rd1 27.
Re2 R8d2 28. Rxd2 Rxd2 29. Bc5 a6 30. Re3 Kf7 31. Bb4 Rb2 32. Rd3 Ke6 33. Kf3
h5 34. h3 Rc2 35. Rd2 Rxd2 36. Bxd2 Kd5 37. Ke3 Bd4+ 38. Ke2 c5 39. Be1 f5 40.
Kd3 Bf6 41. f3 Bd4 42. Bd2 1/2-1/2

[Event "Ostravský koník 2014 - MÈR"]
[Site "Ostrava, CZE"]
[Date "2014.05.04"]
[Round "9"]
[White "Freisler, Pavel"]
[Black "Novosadova, Kristýna"]
[Result "1/2-1/2"]
[WhiteElo "2357"]
[BlackElo "2187"]
[PlyCount "97"]

1. Nf3 d5 2. g3 Nf6 3. Bg2 c6 4. b3 Nbd7 5. Bb2 Qc7 6. d4 e6 7. Nbd2 a5 8. c4
Be7 9. Qc2 O-O 10. O-O b6 11. e4 Nxe4 12. Nxe4 dxe4 13. Qxe4 Nf6 14. Qe2 Bb7
15. Rad1 a4 16. Ne5 Rfd8 17. Qf3 Rdc8 18. g4 Bd6 19. g5 Ne8 20. c5 bxc5 21.
dxc5 Bxe5 22. Bxe5 Qxe5 23. Rd7 Nc7 24. Qxf7+ Kh8 25. f4 Qxc5+ 26. Kh1 Qf8 27.
Rxc7 Ba6 28. Rd1 Rxc7 29. Qxc7 Be2 30. Re1 axb3 31. axb3 Qb4 32. Rc1 Rf8 33. h3
Qxb3 34. Qxc6 Qe3 35. Re1 Qf2 36. Ra1 Qxf4 37. Qxe6 Bf3 38. Qa2 Qg3 39. Kg1
Qxg5 40. Rf1 Qc5+ 41. Qf2 Qc8 42. Kh2 Qb8+ 43. Kg1 Qc8 44. Bxf3 Qxh3 45. Re1
Qf5 46. Re3 Qf4 47. Kg2 Qg5+ 48. Kf1 Qf4 49. Kg2 1/2-1/2

[Event "Ostravský koník 2014 - MÈR"]
[Site "Ostrava, CZE"]
[Date "2014.05.04"]
[Round "9"]
[White "Olsar, Jaroslav"]
[Black "Vesely, Martin"]
[Result "1-0"]
[WhiteElo "2267"]
[BlackElo "2156"]
[PlyCount "73"]

1. d4 Nf6 2. Nf3 g6 3. Bf4 Bg7 4. e3 c6 5. Nbd2 d6 6. h3 O-O 7. Be2 a5 8. a4
Na6 9. O-O Qb6 10. Nc4 Qc7 11. c3 Bf5 12. Re1 b6 13. Bf1 Qd7 14. Nfd2 Ne4 15.
Nxe4 Bxe4 16. Nd2 Bf5 17. e4 Be6 18. Nf3 Nc7 19. Qd2 Rfe8 20. Bh6 f6 21. Nh2
Bf7 22. Ng4 Bh8 23. f4 d5 24. e5 Be6 25. Ne3 Bg7 26. Bxg7 Kxg7 27. f5 gxf5 28.
Qf2 Qc8 29. Bd3 Kh8 30. Nxf5 Bxf5 31. Bxf5 e6 32. Bxh7 Kxh7 33. Re3 Re7 34.
exf6 Rf7 35. Qh4+ Kg8 36. Rg3+ Kf8 37. Qh8# 1-0

[Event "Ostravský koník 2014 - MÈR"]
[Site "Ostrava, CZE"]
[Date "2014.05.04"]
[Round "9"]
[White "Belunek, Vladimir"]
[Black "Miculka, Petr"]
[Result "1-0"]
[WhiteElo "2252"]
[BlackElo "2017"]
[PlyCount "85"]

1. Nf3 Nf6 2. d4 g6 3. c4 Bg7 4. Nc3 O-O 5. e4 d6 6. Be2 e5 7. O-O Nc6 8. d5
Ne7 9. Nd2 a5 10. Rb1 Nd7 11. a3 f5 12. b4 Kh8 13. Qc2 Ng8 14. Bd3 f4 15. Nb5
b6 16. Re1 h5 17. Bf1 g5 18. c5 bxc5 19. bxc5 Nxc5 20. a4 Rf7 21. Ba3 Na6 22.
Rec1 g4 23. Qc6 Bd7 24. Qb7 Be8 25. Na7 Nb4 26. Bxb4 c5 27. Bxa5 Rxb7 28. Bxd8
Rbxa7 29. Bb6 Rxa4 30. Nc4 Bf8 31. Bc7 Bg6 32. f3 R8a6 33. Nb6 gxf3 34. gxf3
Rxb6 35. Rxb6 Ra2 36. Bxd6 Bxd6 37. Rxd6 Kg7 38. Rxc5 h4 39. Rc7+ Bf7 40. Rdd7
Nh6 41. Bc4 Ra1+ 42. Kg2 h3+ 43. Kxh3 1-0